Mean lyrics - Statistics

General Stats
  • This quiz has been taken 188 times
  • The average score is 317 of 374
Answer Stats
Lyrics % Correct
a
100%
me
100%
You,
100%
you
100%
You
100%
I
99%
and
97%
And
97%
be
97%
mean
97%
mean?
97%
mean,
97%
so
97%
your
97%
all
95%
All
95%
I'll
95%
is
95%
in
94%
Why
94%
with
94%
can
93%
you're
93%
can't
92%
city
92%
Got
92%
got
92%
big
91%
ever
91%
like
91%
living
91%
old
91%
Someday,
90%
someday,
90%
gotta
89%
that
89%
gonna
88%
words
86%
hit
85%
are
84%
on
84%
the
84%
But
83%
but
83%
don't
82%
enough
82%
my
82%
see
82%
again
81%
know
80%
liar,
80%
knives
79%
down
78%
down,
78%
I'm
78%
pathetic,
77%
to
76%
what
75%
feel
74%
have
74%
out
74%
sing
74%
against
73%
just
73%
now
73%
nothing
72%
when
72%
one
71%
use
71%
off
70%
weapons
70%
alone
69%
'cause
69%
feeling
69%
life,
69%
bar
68%
as
67%
how
67%
if
67%
about
66%
listening
66%
feet
65%
football
65%
nobody's
65%
single
65%
already
64%
head
64%
blow
63%
flaws
63%
from
63%
take
63%
Talking
63%
them
63%
years
63%
game
61%
over
61%
same
61%
swords
61%
walk
61%
knocked
60%
man
59%
pointed
59%
wanna
59%
made
58%
opinion,
58%
humiliation
57%
loud
57%
okay
57%
road
57%
never
56%
weaker
56%
nails
55%
things
54%
right
53%
Somebody
53%
Drunk
52%
pickin'
52%
impress
51%
pushed
51%
trying
51%
chalkboard,
50%
grumbling
50%
up
50%
block
49%
sides
49%
voice
49%
around
48%
ends
48%
lead
48%
bitter
47%
calling
47%
lies
47%
switching
47%
wounded
47%
cold
46%
cycle
46%
bet
45%
ranting
42%
Washed
36%
Well,
35%
wildfire
31%
No matching quizzes found
Score Distribution
Percent of People with Each Score
Percentile by Number Answered
Your Score History
You have not taken this quiz